000 00396nam a2200169Ia 4500
008 151213s9999 xx 000 0 und d
020 _a984643102-9
100 _aRamij Lall
245 _aAristotle Poetics
_cRamij Lall
250 _a1st
260 _aDhaka
_bFriends Book Corner
_c1989
300 _a4834 p.
650 _aCritics
650 _aEnglish
700 _aRamij Lall
999 _c3042
_d3042